|
|
|
|
| LEADER |
01298nam a2200325 a 4500 |
| 001 |
40479 |
| 003 |
BD-DhAAL |
| 005 |
20230305153540.0 |
| 008 |
230305t1994 cau f 001 0 eng d |
| 010 |
|
|
|a 93049676
|
| 020 |
|
|
|a 0156724006 :
|c 8.95
|
| 040 |
|
|
|a DLC
|c DLC
|d DLC
|d BD-DhAAL
|
| 050 |
0 |
0 |
|a PE1505
|b .O35 1994
|
| 082 |
0 |
0 |
|a 808.1
|
| 100 |
1 |
|
|a Oliver, Mary,
|d 1935-2019.
|9 53783
|
| 245 |
1 |
2 |
|a A poetry handbook /
|c Mary Oliver.
|
| 250 |
|
|
|a First edition
|
| 260 |
|
|
|a San Diego :
|b Harcourt Brace & Co.,
|c c1994.
|
| 300 |
|
|
|a viii, 130 pages ;
|c 21 cm.
|
| 500 |
|
|
|a "A Harvest original."
|
| 500 |
|
|
|a Includes index.
|
| 541 |
|
|
|a Donated By Akbar Ali Khan
|e 40479
|
| 650 |
|
0 |
|a English language
|x Versification
|x Handbooks, manuals, etc.
|9 53784
|
| 650 |
|
0 |
|a American poetry
|x History and criticism
|x Handbooks, manuals, etc.
|9 53785
|
| 650 |
|
0 |
|a English poetry
|x History and criticism
|x Handbooks, manuals, etc.
|9 53786
|
| 650 |
|
0 |
|a Poetry
|x Authorship
|x Handbooks, manuals, etc.
|9 53787
|
| 852 |
|
|
|a Ayesha Abed Library
|c Akbar Ali Khan Collection
|
| 942 |
|
|
|2 ddc
|c BK
|
| 999 |
|
|
|c 45563
|d 45563
|
| 952 |
|
|
|0 0
|1 0
|2 ddc
|4 0
|6 808_100000000000000_OLI
|7 1
|9 73338
|a BRACUL
|b BRACUL
|c AAKC
|d 2023-03-05
|e Donated By Akbar Ali Khan
|g 1373.00
|l 0
|o 808.1 OLI
|p 3010040479
|r 2023-03-05
|t 1
|w 2023-03-05
|y BK
|x USD 13.00
|